[Event "Mecklenburg VP-ch U12 Girls"]
[Site "Malchow"]
[Date "2019.02.06"]
[Round "7.4"]
[White "Schmidt, Leonie"]
[Black "Klipps, Lea"]
[Result "0-1"]
[WhiteElo "772"]
[BlackElo "756"]
[PlyCount "70"]
[EventDate "2019.02.06"]
[EventType "tourn"]
[EventRounds "7"]
[EventCountry "GER"]
[SourceTitle "EXT 2022"]
[Source "ChessBase"]
[SourceDate "2021.10.06"]
[SourceVersion "1"]
[SourceVersionDate "2021.10.06"]
[SourceQuality "1"]

1. e4 e5 2. Nf3 Nc6 3. Bc4 Bc5 4. d3 Nf6 5. Bg5 0-0 6. 0-0 d6 7. Nc3 Bg4 8. Qd2 Qd7 9. Nd5 Nh5 10. h3 Be6 11. Bb5 a6 12. Ba4 b5 13. Bb3 Nd4 14. Nf6+ Nxf6 15. Nxd4 Bxd4 16. Bxe6 Qxe6 17. c3 Bb6 18. d4 Nh5 19. Qe2 Qg6 20. h4 Nf4 21. Bxf4 exf4 22. h5 Qg5 23. Rab1 c6 24. e5 dxe5 25. dxe5 Rfe8 26. Rbe1 h6 27. c4 Bc7 28. Qe4 Rxe5 29. Qxc6 Ra7 30. Rxe5 Bxe5 31. Qc8+ Kh7 32. Qc5 Qxh5 33. Qxa7 f3 34. g3 Qh3 35. Re1 Qg2# 0-1